000 01735nam a22004217a 4500
003 CHAP
005 20220329143538.0
008 100504s2010 mx r 00010 spa d
010 _a98328
011 _a99300
035 _a109986
040 _cCHAP
090 _aTesis
100 1 _aSilverio de la Cruz, José Ángel.
_9106088
245 1 0 _aAnálisis técnico de producción y comercialización de trucha arcoíris bajo un sistema de jaulas flotantes en el municipio de Valle de Bravo, Estado de México
_c/porJosé Ángel silverio de la Cruz
260 _aChapingo, Méx. :
_bEl autor,
_c2010
300 _aviii, 89 h. :
_bilus., cuadros, gráfs.
502 _aTesis (Lic. en Comercio Internacional de Productos Agropecuarios) -- UACH. División de Ciencias Económico Administrativas
530 _aTambién disponible en línea
590 _aALEPH
_b10
_c20130110
_lUCH01
_h1534
590 _aBATCH-UPD
_b10
_c20130110
_lUCH01
_h1154
590 _aBATCH-UPD
_b10
_c20130410
_lUCH01
_h0737
590 _aBATCH-UPD
_b10
_c20130914
_lUCH01
_h1057
590 _aBATCH-UPD
_b10
_c20140324
_lUCH01
_h1516
590 _aBATCH-UPD
_b10
_c20141002
_lUCH01
_h0843
590 _aCONVERSION
_b10
_c20130109
_lUCH01
_h1354
650 1 4 _aCriaderos.
_928925
650 1 4 _aCultivo en jaulas.
_930219
650 1 4 _aPescado
_xMercadeo.
_987450
650 1 4 _aPiscicultura
_zMéxico (Edo.).
_988559
650 1 4 _aSistemas de producción.
_9106767
650 1 4 _aTrucha.
_9115343
856 _3Finding aid
_uhttp://10.13.5.2/tesis/109986.pdf
_zTeclea aqui
901 _aBK
942 _cFOLL
949 _aTesis
_bBC
_cTES
_d33724002166199
_eTS1
_gDonaciØn
_h50449
_i109986
_sb
949 _aTesis
_bBC
_cTES
_d33724002166231
_eTS2
_fc.2
_gDonaciØn
_h50450
_i109986
_sb
999 _c98328
_d98328